Έγραφσεν και εποίεσεν : μελέτες κεραμικής και εικονογραφίας προς τιμήν του καθηγητή Μιχάλη Τιβέριου = Essays on Greek pottery and iconography in honour of Professor Michalis Tiverios

Αποθηκεύτηκε σε:
Λεπτομέρειες βιβλιογραφικής εγγραφής
Άλλοι συγγραφείς: Βαλαβάνης, Πάνος Δ., 1954- (Επιμελητής έκδοσης), Μανακίδου, Ελένη Π. (edtf)
Μορφή: Βιβλίο
Γλώσσα:Multiple
Δημοσίευση: Θεσσαλονίκη : University Studio Press, 2014.
Θέματα:
Ετικέτες: Προσθήκη ετικέτας
Δεν υπάρχουν, Καταχωρήστε ετικέτα πρώτοι!

MARC

LEADER 00000cam a2200000 a 4500
001 1/111921
008 160916s2014####gr a ||| ||11 ||mul||
020 |a 9789601221960  
020 |a 9601221964  
040 |a GR-MyUa  |b gre  |c GR-MyUa  |e AACR2 
041 0 |a mul 
082 7 |a 930.1   |2 (23)  
245 1 0 |a Έγραφσεν και εποίεσεν :   |b μελέτες κεραμικής και εικονογραφίας προς τιμήν του καθηγητή Μιχάλη Τιβέριου = Essays on Greek pottery and iconography in honour of Professor Michalis Tiverios /   |c επιμέλεια Πάνος Βαλαβάνης [και] Ελένη Μανακίδου.  
246 1 |i Παράλληλος τίτλος :   |a Essays on Greek pottery and iconography in honour of Professor Michalis Tiverios  
260 |a Θεσσαλονίκη :   |b University Studio Press,   |c 2014.  
300 |a 598 σ. :   |b εικ. ;   |c 30 εκ.  
504 |a Περιλαμβάνει βιβλιογραφίες.  
546 |a Περιέχει κείμενα στα ελληνικά, αγγλικά, γερμανικά και γαλλικά, και περιλήψεις στα ελληνικά για τις ξενόγλωσσες εισηγήσεις.  
650 0 |a Pottery, Greek. 
651 0 |a Greece  |x Antiquities. 
700 1 |a Βαλαβάνης, Πάνος Δ.,   |d 1954-  |e edt 
700 1 |a Μανακίδου, Ελένη Π.  |e edtf 
852 |a INST  |b LESVOS  |e 20160916  |h 930.1 ΕΓΡ  |p 005100058299  |q 005100058299  |t BK  |y 0 
970 |a Τζαφέρη  |b Ευαγγελία  |z 16-09-2016